| Tag |
First Indicator |
Second Indicator |
Subfields |
| LEADER |
00000cam a22000008a 4500 |
| 001 |
in00000013307 |
| 005 |
20151007052357.0 |
| 008 |
870626s1987 nyua b 00110 eng |
| 010 |
|
|
|a 87018313
|
| 020 |
|
|
|a 1557860017 :
|c $34.95
|
| 035 |
|
|
|a (OCoLC)16227618
|
| 035 |
|
|
|9 AAA7521AM
|
| 040 |
|
|
|a DLC
|c DLC
|d TXA
|d UtOrBLW
|
| 049 |
|
|
|a TXAM
|c [A11054221]
|
| 050 |
0 |
0 |
|a P368
|b .J6 1987
|
| 082 |
0 |
|
|a 410
|2 19
|
| 100 |
1 |
|
|a Joseph, John Earl.
|
| 245 |
1 |
0 |
|a Eloquence and power :
|b the rise of language standards and standard languages /
|c John Earl Joseph.
|
| 263 |
|
|
|a 8711
|
| 264 |
|
1 |
|a New York :
|b Basil Blackwell,
|c [1987]
|
| 264 |
|
4 |
|c ©1987
|
| 300 |
|
|
|a xi, 199 pages :
|b illustrations
|
| 336 |
|
|
|a text
|b txt
|2 rdacontent
|
| 337 |
|
|
|a unmediated
|b n
|2 rdamedia
|
| 338 |
|
|
|a volume
|b nc
|2 rdacarrier
|
| 504 |
|
|
|a Bibliography: pages [178]-190.
|
| 500 |
|
|
|a Includes indexes.
|
| 650 |
|
0 |
|a Standard language.
|
| 999 |
|
|
|a MARS
|
| 999 |
f |
f |
|s 0bd453b8-db8d-3601-8f88-4ee2c5adc88d
|i 9429b89d-e3d6-3c15-b956-82b3fcb41fe2
|t 0
|
| 952 |
f |
f |
|p ric
|a Texas A&M University
|b Rellis Campus
|c Joint Library Facility
|s JLF
|d Remote Storage
|t 0
|e P368 .J6 1987
|h Library of Congress classification
|i unmediated -- volume
|m A14811054221
|
| 998 |
f |
f |
|a P368 .J6 1987
|t 0
|l Remote Storage
|